000 00785nam a2200241 i 4500
003 DO-SdBNP
005 20240709105224.0
006 a||||gr|||| 00| 0
007 ta
008 240709e2024 dr ac||| |||| 00| 0 spa d
040 _aDO-SdBNP
_bspa
_cBNPHU
_erda
082 4 _222
_bP925s
245 0 0 _aPremios Soberano 2024:
_bla gran fiesta de arte marca país.
264 1 _a[Santo Domingo] :
_bACROARTE,
_c2024
300 _a30 páginas :
_bilustraciones, retrato ;
_c25 cm.
336 _2rdacontent
_atexto
_btxt
337 _2rdamedia
_asin mediación
_bn
338 _2rdacarrier
_avolumen
_bnc
590 _aInventariado 2024 / MF
650 4 _aPremios Casandra
_938855
_zRepública Dominicana
650 4 _aPremio al Mérito
_y2024
_zRepública Dominicana
_979251
942 _2ddc
_cLF2
999 _c57224
_d57224